[Event "Montreal 6th"]
[Site "Montreal"]
[Date "2005.08.10"]
[Round "7"]
[White "Tyomkin, Dimitri"]
[Black "Krush, Irina"]
[Result "1-0"]
[WhiteElo "2467"]
[BlackElo "2452"]
[Annotator "Tyomkin,D"]
[PlyCount "139"]
[EventDate "2005.08.03"]
[EventType "tourn"]
[EventRounds "11"]
[EventCountry "CAN"]
[EventCategory "12"]
[SourceTitle "CBM 109"]
[Source "ChessBase"]
[SourceDate "2005.11.14"]
[SourceVersion "1"]
[SourceVersionDate "2005.11.14"]
[SourceQuality "1"]

1. d4 d5 2. c4 dxc4 3. e4 e5 4. Nf3 Bb4+ 5. Nc3 exd4 6. Nxd4 Qe7 7. Bxc4 Nf6 $1
{This line was totally unexpected- I only knew that 7...Qxe4 is a losing line;}
(7... Qxe4+ 8. Kf1 {has a bad reputation for Black;}) 8. O-O (8. f3 $5 O-O 9.
Be3 c5 {[%cal Gc8e6,Gf8d8,Gb8c6,Gc6d4]} 10. Nc2 Rd8 11. Qe2 Nc6 12. Nxb4 cxb4
13. Nd5 Nxd5 14. Bxd5 Be6 15. Bxe6 (15. Bxc6 bxc6 16. O-O c5 $11) 15... Qxe6
16. O-O Rd7 $11) 8... O-O (8... Bxc3 $6 9. bxc3 O-O 10. Re1 c5 11. e5 $1 cxd4
12. exf6 Qc5 (12... Qxf6 13. Ba3 $18) 13. Qb3 $18 {1-0 Gomez Esteban,
J-Fernandes,A/Lisbon 1993/CBM 035 (18)}) 9. Bg5 (9. Re1 Rd8 10. e5 Qc5 11. Qb3
Ng4 $13) (9. Qb3 $5) 9... Bxc3 $1 (9... Qc5 $6 10. Bxf6 Qxc4 11. Rc1 Na6 12.
Nd5 $18 {1-0 Jakubowski,K-Stoma,P/Krynica 1998/EXT 2002 (36)}) 10. Bxf6 (10.
bxc3 Qc5 11. Bxf6 Qxc4 $11 12. Qh5 (12. Bg5 Qxc3 13. Rc1 Qa5 14. Bf4 {White
can not hope for more than equality here;}) (12. Bh4 $5) 12... gxf6 13. Qh6 Qc5
(13... Nc6 {1/2-1/2 Hertneck,G-Westerinen,H/Manila 1992/TD (56)}) 14. Qxf6 Nd7
$19) 10... Qxf6 (10... gxf6 11. bxc3 Qxe4 12. Re1 $16) 11. bxc3 Nc6 12. f4 (12.
Nxc6 Qxc6 13. Qd5 Qxd5 14. Bxd5 c6 15. Bb3 Be6 16. Rfd1 Rfd8 $11 {1/2-1/2
Alburt,L-Zaltsman,V/New York 1983/MCD (41)}) 12... Rd8 $5 $146 {This move
gives Black good chances to equalize;} (12... Qd8 13. e5 $6 (13. Nxc6 bxc6 14.
Qxd8 Rxd8 15. Rfd1 $16) 13... Qe7 14. Nxc6 Qc5+ 15. Nd4 Qxc4 16. Qb3 Qxb3 17.
axb3 Be6 18. f5 {1/2-1/2 Dlugy,M-Zaltsman,V/Havana 1985/MCD}) (12... Nxd4 13.
Qxd4 Qe7 14. f5 Rd8 15. f6 $16) 13. e5 Qe7 14. Nxc6 Qc5+ (14... bxc6 15. Qe2
$14) 15. Nd4 Qxc4 16. Qb3 Be6 (16... Qc5 $5 17. Rae1 Be6 18. Qxb7 Bxa2 19. Qf3
$14 {[%cal Gf3g3,Gf4f5]}) 17. Nxe6 $6 {In order to obtain any advantage I
should've tried to grab the b7-pawn;} (17. Qxb7 Bd5 (17... Rab8 18. Qxa7 Bd5
19. Qa3 Qd3 20. Qc1 c5 21. Nb3 Qe4 22. Rf2 $16) 18. Qb4 Qd3 (18... c5 19. Qxc4
Bxc4 20. Nc6 $16) 19. Qc5 $1 {and Black doesn't have enough compensation;})
17... Qxb3 18. axb3 fxe6 19. Rfd1 $11 {[%mdl 4096] This rook ending must be an
easy draw for Black, but a short draw with the white pieces was not in my
plans.} a6 {Irina could've started counterplay on the queenside which would
lead to immediate draw;} (19... Rxd1+ 20. Rxd1 a5 21. c4 (21. Ra1 b5 $11) 21...
a4 22. bxa4 c6 23. Rd7 Rxa4 24. Rxb7 Rxc4 25. g3 g5 $11) 20. Kf2 Kf7 21. Ke3
Ke7 22. Rxd8 Rxd8 23. g4 Rd5 {This was necessary to stop White's pawn storm on
the kinsgide by playing g5-g6 here or later;} (23... g6 $1) 24. c4 Rd8 25. h4 {
White ignores Black's defensive idea;} (25. f5 $1 h5 26. h3 $16) 25... c5 {
Again, 25...g6 was good;} (25... g6 $1) 26. Ra5 Rc8 (26... Kd7 27. h5 {with
the same scenario as in the game;}) 27. h5 Rc7 {g7-g6 is still good!} (27... g6
28. hxg6 hxg6 29. Ke4 Rc6 {preventing the Ra1-h1-h7 monouevre;} 30. Ra1 Rb6 $11
) 28. f5 $1 {g7-g6 does not exist anymore;} h6 {in order to stop the h5-h6
break;} 29. Ke4 Rc8 30. Ke3 Rc6 (30... Rc7 31. Ra1 Rd7 32. Rf1 Rd4 33. f6+ gxf6
34. Rxf6 Rxg4 35. Rxh6 Rg3+ 36. Kf4 Rxb3 37. Rh7+ Kf8 38. Kg5 $16) 31. Kf4 Rc8
32. g5 $1 {White breaks through the kingside and creates a passed pawn there;}
hxg5+ (32... exf5 33. gxh6 gxh6 34. Kxf5 $16) 33. Kxg5 exf5 34. Kxf5 {
Unfortunately 34.Kg6 doesn't win here;} (34. Kg6 Ke6 35. Kxg7 Rc7+ 36. Kg6 Rc8
$1 37. h6 Rg8+ 38. Kh5 Rh8 $1 39. Rxc5 (39. Ra1 f4 40. Rf1 Kxe5 41. Kg6 Ke4 42.
Kg7 Rc8 43. h7 f3 $11) 39... f4 40. Rd5 f3 41. Rd1 Kxe5 $11) 34... Rc6 35. Ke4
{[%cal Ge4d5]} Ke6 36. Ra1 Rb6 37. Rg1 Rxb3 (37... Kf7 38. Kd5 Rxb3 39. e6+ Kf8
40. Rf1+ Ke8 41. Rf7 $18) 38. Rxg7 b5 39. Rg6+ Kf7 40. Rf6+ Ke7 $1 $11 {
Black's king should stop the e-passer, while his rook will stop the h-pawn;} (
40... Kg7 41. h6+ $18) 41. Kd5 {I spent a while calculating the move 41.Rf3
with the amazing idea 41...Rb4 42.Rc3!!, while 41...Rb1 saves black;} (41. Rf3
Rb1 (41... Rb4 42. Rc3 $3 bxc4 43. h6 $18) 42. Rh3 bxc4 43. h6 Rb8 (43... Rb3
44. Rxb3 cxb3 45. Kd3 $18) 44. Kd5 (44. h7 Rh8 45. Kf5 a5 $11 46. Kg6 $6 {
gives chances only to black!} Ke6 47. Kg7 Rxh7+ 48. Kxh7 Kxe5 {and Black is
even better now!}) 44... a5 45. Kxc4 Ke6 46. Rh5 a4 $11) 41... Re3 $4 {[%mdl
4096] For some reason Irina decided to lose a tempo with 41...Re3 ; after 41...
bxc4 Black draws just in time;} (41... bxc4 $1 42. Kxc4 Re3 43. Kd5 c4 44. Re6+
Kd7 45. Rxa6 c3 46. e6+ Ke7 47. h6 Rh3 48. Ra7+ Ke8 49. Rc7 Rxh6 50. Kd6 Kd8
51. Ra7 Kc8 52. Ra8+ Kb7 53. Ra2 Rh3 $11) 42. h6 $18 bxc4 43. h7 $4 {[%mdl
4096] Here I failed to calculate a simple winning line...} (43. Rxa6 Kf7 44.
Ra7+ Kg8 45. Rg7+ Kh8 46. Rc7 $18 c3 47. Rxc5 Kh7 48. Kd4 $18 {and the rook
ending with e-pawn is an easy win for White- Black's king is too far away;})
43... Rh3 44. Rxa6 c3 $11 45. Ra7+ Kf8 46. Ra8+ Kg7 47. Rc8 Kxh7 48. Rxc5 Kg8
49. Ke6 Re3 50. Kf6 Rf3+ 51. Ke7 Kg7 52. Rc6 Re3 53. e6 Rd3 54. Ke8 Kf6 55. e7+
Kg7 56. Rc4 {White has reached the maximum, but it's still a draw- White can't
build a "bridge" since Black's passer is just too close to the promotion
square;} Rg3 {Actually, black doesn't need to prevent a check from g-file!} (
56... Kg8 57. Rg4+ Kh7 58. Kf7 Rf3+ 59. Ke6 Re3+ 60. Kf6 Rf3+ 61. Ke5 Re3+ 62.
Re4 Rxe4+ 63. Kxe4 c2 $11) 57. Rc5 Kg8 58. Rc4 Kg7 59. Rc6 Rd3 60. Rc8 Re3 61.
Rc4 Rg3 62. Rc5 Kg8 63. Kd7 Rd3+ 64. Ke8 Rg3 65. Rc7 {The last try;} Kg7 $4 {
Falling into the only trap!} (65... Rd3 66. Rc4 Kg7 67. Rg4+ Kh7 $11) 66. Rd7
$3 {[%mdl 4096] Now White is going to promote the pawn with a check!} Kf6 (
66... c2 67. Kd8 c1=Q 68. e8=Q+ Kh6 69. Qh8+ Kg5 70. Rd5+ Kg4 71. Qh5+ Kf4 72.
Qe5+ {and so on;}) 67. Kd8 Rg8+ 68. e8=Q Rxe8+ 69. Kxe8 Ke5 70. Rd3 $1 {
Last accuracy;} 1-0

[Event "Biel GM"]
[Site "Biel"]
[Date "2000.07.31"]
[Round "7"]
[White "Van Wely, Loek"]
[Black "Ponomariov, Ruslan"]
[Result "1/2-1/2"]
[WhiteElo "2643"]
[BlackElo "2630"]
[Annotator "Van Wely/Cifuentes"]
[PlyCount "130"]
[EventDate "2000.07.24"]
[EventType "tourn"]
[EventRounds "10"]
[EventCountry "SUI"]
[EventCategory "16"]
[SourceTitle "CBM 079"]
[Source "ChessBase"]
[SourceDate "2000.11.21"]
[SourceVersion "1"]
[SourceVersionDate "2000.11.21"]
[SourceQuality "1"]

1. d4 d5 2. c4 dxc4 3. e4 c5 4. d5 Nf6 5. Nc3 b5 6. Bf4 Ba6 7. e5 b4 (7... Nfd7
8. e6 (8. Nf3 b4 9. Ne4 Nb6 10. d6 N8d7 11. Qe2 $44 {/\ 0-0-0 [+] |^}) 8... Nb6
(8... Nf6 9. Bxc4 $1) 9. exf7+ Kxf7 10. Qf3 Kg8 11. Qe4 $44) 8. Qa4+ $6 (8. e6
$142) (8. e6 {Huzman} fxe6 (8... Qa5 $1) 9. Qa4+ Qd7 $2 10. dxe6 Qxa4 11. Nxa4
$16 {[%csl Rc4,Rc5,Rf8] 1-0 Sakaev,K-Ibragimov,I/Moscow 1999/CBM 75/[Huzman] 
(38)}) 8... Qd7 9. e6 (9. exf6 bxc3 10. Qxd7+ Nxd7 11. fxe7 Bxe7 12. bxc3 Nb6 (
12... Bf6 {Huzman} 13. Ne2 O-O $32) 13. O-O-O O-O-O 14. d6 Bf6 $15) 9... Qxa4
10. Nxa4 Nxd5 (10... c3 11. bxc3 Bxf1 12. Kxf1 Nxd5 13. Ne2 $44) 11. exf7+ $6 (
11. Bxb8 Rxb8 12. Nxc5 Bb5 13. a4 bxa3 14. Rxa3 g6 $1 $15) (11. Nh3 $142 c3 12.
bxc3 Bxf1 13. Rxf1 bxc3 14. Nxc5 Nc6 15. O-O-O O-O-O 16. Bg3 $44) 11... Kxf7
12. Nxc5 (12. Bxb8 {Huzman} Rxb8 13. Nxc5 Bb5 14. a4 bxa3 15. Rxa3 e5 16. Rxa7+
Kg6 $40) 12... Bb5 (12... Nxf4 13. Nxa6 Nxa6 14. Bxc4+ e6 15. g3 (15. Bxa6 {
Huzman} Nxg2+ 16. Kf1 Nf4 $17)) 13. Bg3 e6 $15 14. Ne4 Nd7 15. Nf3 Be7 $1 (
15... h6 16. Rc1 Rc8 17. Ned2 N5b6 18. b3 Be7 19. bxc4 Bc6 20. Be2 Bf6 21. O-O
Na4 $15 {1/2-1/2 Hoang Thanh Trang-Varga,Z/Budapest HUN 2000 (49)}) 16. Nfg5+ (
16. Rc1 Rac8 17. Ned2 N5b6 18. b3 cxb3 $1) 16... Bxg5 17. Nxg5+ Ke7 18. Ne4 a6
19. Bd6+ Kf7 20. a4 bxa3 21. Rxa3 N5f6 (21... e5 $5 {Huzman} 22. Ng5+ Kg8 23.
g3) 22. Ng5+ Kg6 23. Nxe6 Rhe8 24. Re3 Ng4 (24... Nd5 {Huzman} 25. Nf4+ Nxf4
26. Bxf4 Nc5 27. Be5) 25. Nc7 (25. Nf4+ $143 Kf5 (25... Kf7 {Huzman} 26. Rxe8
Rxe8+ 27. Be2 c3 $1 28. bxc3 g5 29. Kd2 gxf4 30. Bxg4 Nf6 $19) 26. Rxe8 Rxe8+
27. Be2 c3 $1 28. bxc3 g5 29. c4 Bxc4 30. Kf1 Nb6 31. h3 Ne5 32. Bxe5 gxf4 (
32... Kxe5 33. Nh5 Kd4 34. Bxc4 Nxc4) 33. Bxc4 Nxc4 34. Bc3 a5 $17) 25... Nxe3
26. fxe3 Rxe3+ 27. Kf2 Rae8 28. Nxe8 Rxe8 29. Be2 Nb6 (29... Nf6 {Huzman} 30.
Bf3 Ne4+ 31. Bxe4+ Rxe4 32. Re1 $15) 30. Bd1 Nd5 31. Bc2+ Kf7 32. Rd1 Ne3 33.
Rd2 Bc6 (33... c3 {Huzman} 34. bxc3 Nc4 35. Bb3 $11) 34. Bc5 Ng4+ 35. Kg3 Nf6
36. Bd4 h6 37. h3 Be4 38. Bxf6 Kxf6 (38... gxf6 39. Bxe4 Rxe4 40. Rd6 Re2 (
40... Re6 41. Rd7+ Kg6 42. Rc7) 41. Rxa6 Rxb2 42. Rc6 Rc2 43. Kh4 $132) 39.
Rf2+ Kg5 40. h4+ Kh5 41. Re2 Bc6 42. Rd2 (42. Rf2 Be4 43. Re2 $11) 42... Re6
43. Bf5 Rf6 44. Bc2 (44. Kf4 Bxg2 $1) 44... g5 45. hxg5 hxg5 46. Rd4 Bb5 47.
Rd8 Kh6 48. Rh8+ Kg7 49. Rh5 Rf1 50. Rxg5+ Kf6 51. Rh5 Ke6 52. Be4 Kd6 53. Rd5+
Kc7 54. Kg4 $2 (54. Rd2 $11) 54... Rf2 55. Rd1 Rxb2 56. Kf4 Bc6 57. Rc1 Rb4 58.
Ke5 a5 59. g4 a4 60. g5 Rb5+ 61. Kd4 Bxe4 62. Kxe4 Rxg5 63. Rxc4+ Kb6 64. Kd3
Kb5 65. Rc8 Kb4 1/2-1/2

[Event "EU-Cup 16th"]
[Site "Neum"]
[Date "2000.09.29"]
[Round "6.1"]
[White "Khalifman, Alexander"]
[Black "Ponomariov, Ruslan"]
[Result "0-1"]
[WhiteElo "2667"]
[BlackElo "2630"]
[Annotator "Winants,L"]
[PlyCount "100"]
[EventDate "2000.09.24"]
[EventType "team-swiss"]
[EventRounds "7"]
[EventCountry "BIH"]
[SourceTitle "CBM 080"]
[Source "ChessBase"]
[SourceDate "2001.01.25"]
[SourceVersion "1"]
[SourceVersionDate "2001.01.25"]
[SourceQuality "1"]
[WhiteTeam "St Petersburg"]
[BlackTeam "Donetsk"]
[WhiteTeamCountry "RUS"]
[BlackTeamCountry "UKR"]

1. d4 d5 2. c4 dxc4 3. e4 c5 {L'une des variantes préférées du jeune champion
russe.} 4. d5 {Le plus ambitieux : Les Blancs misent sur l'avantage d'espace.}
Nf6 5. Nc3 b5 $5 {Cette réplique avait été imaginée dès les années 70, mais
n'était devenue populaire que beaucoup plus tard, suite aux succès remportés
par le grand-maître estonien Yaan Ehlvest. En 1993, Anand, Kramnik et Kamsky
l'avaient essayée au tournoi de Linares. Nous voici en l'an 2000 et toutes ces
parties jouées en Espagne font toujours autorité.} 6. Bf4 {La réponse
consacrée.} ({La tâche des Noirs deviendrait plus facile après} 6. e5 b4 7.
exf6 bxc3 8. bxc3 Nd7 $1 {etc.}) 6... Ba6 {C'est sur ce coup que reposent les
analyses de Ponomariov.} ({L'ancienne méthode} 6... Qa5 {ne paraît pas
entièrement satisfaisante :} 7. Bd2 {La suite de Shirov} ({Plus risqué serait} 
7. e5 Ne4 8. Nge2 Na6 $1 9. f3 Nb4 10. fxe4 Nd3+ 11. Kd2 g6 $3 {Avec
d'excellentes compensations pour la pièce sacrifiée, Beliavsky-Anand, Linares
1993}) ({Mais} 7. a4 {serait tout aussi bon} Nxe4 8. Nge2 Nd6 9. axb5 {
Beliavsky-Kamsky, Linares}) 7... b4 8. e5 bxc3 9. Bxc3 Qa6 10. exf6 exf6 11. b3
{Les Blancs contrôlent plus de terrain et leur développement reste harmonieux,
Shirov-Kramnik, Linares 1993}) 7. e5 {Il faut aller de l'avant.} ({Une
réaction passive telle que} 7. f3 {laisserait même l'initiative aux Noirs :} e6
8. dxe6 Qxd1+ 9. Kxd1 b4 10. exf7+ Kxf7 11. Na4 Nc6 {etc. Karpov-Adianto,
Jakarta 1997}) 7... b4 8. exf6 ({Ponomariov avait déjà rencontré cette
position contre Van Wely, lors du festival de Bienne disputé fin juillet. Son
adversaire avait alors choisi} 8. Qa4+ Qd7 9. e6 Qxa4 10. Nxa4 Nxd5 11. exf7+
Kxf7 12. Nxc5 Bb5 13. Bg3 e6 14. Ne4 Nd7 {Et les chances paraissaient
partagées.}) 8... bxc3 9. bxc3 gxf6 {Cette réponse avait déjà été proposée,
mais jamais essayée.} ({Une partie Adianto-Granda Zuniga, Amsterdam 1996 avait
continué par} 9... Qa5) 10. Rb1 {Menaçant déjà de gagner une pièce via l'échec
sur a4.} ({A noter que} 10. Bxc4 {ne donnait rien de particulier aux Blancs
après} Bxc4 11. Qa4+ Nd7 12. Qxc4 Nb6 {Et le contre-jeu vers d5 équilibre la
situation.}) 10... Bg7 $1 {La première surprise :} ({Un article publié en 1996
sous la plume de Lev Psakhis conseillait} 10... Nd7 11. Qa4 Qc8 {Cependant
après} 12. Be2 {, préparant l'arrivée du Fou sur g4 ou f3, les Noirs
éprouveraient encore de grosses difficultés.}) 11. Qg4 {Voilà qui paraît fort :
La Dame vise le Bg7 et les Noirs de peuvent roquer а cause de 12.Bh6.} ({
Supposons a)} 11. Qa4+ Qd7 12. Rxb8+ Rxb8 13. Qxa6 Rb1+ 14. Ke2 O-O {[%csl Ye2,
Yf1,Yg1,Yh1] Les Blancs ont pris deux pièces pour la Tour, mais leur Roi se
trouve dans une telle situation que leur partie paraît d'ores et déjà
compromise.}) ({b)} 11. Bxb8 Rxb8 12. Qa4+ Kf8 13. Rxb8 Qxb8 14. Qxa6 Qb1+ 15.
Ke2 Qd3+ {Les Noirs ont l'échec perpétuel, sinon plus.}) 11... Qxd5 $3 {
Une conception splendide : Dès la prise du Nb8, les Noirs pourront effectuer
le roque avec gain de temps, la Rf8 menacera le Bb8, et le coup ...f5,
dégageant la diagonale du Bg7 vers c3, y gagnera en puissance.} 12. Be2 {
Une réponse astucieuse, mais qui ne suffit malheureusement pas.} ({Il fallait
également envisager : a)} 12. Qxg7 $2 Qe4+ {Les Noirs gagnent}) ({b)} 12. Bxb8
O-O 13. Rd1 ({Sur} 13. Bg3 f5 14. Qf3 Bxc3+ $1 15. Qxc3 Qe4+ {gagne.}) 13...
Qg5 $1 14. Qxg5 fxg5 15. Bg3 Bxc3+ 16. Ke2 Rad8 {Les Noirs ont capturé trois
pions pour la pièce et le Roi Blanc se trouve sous le tir croisé des deux Fous.
}) ({c)} 12. Rxb8+ Rxb8 13. Bxb8 O-O (13... Bh6 14. Qd1) 14. Bf4 ({non pas} 14.
Bg3 $2 Rd8) 14... Qe4+ 15. Ne2 {suivi éventuellement de f3 et Kf2. L'attaque
des Noirs reste manifestement très forte, mais je n'ai pas trouvé de gain.})
12... Qe4 $1 13. Rxb8+ Rxb8 14. Bxb8 Qb1+ 15. Bd1 O-O 16. Bc7 {Pour empêcher
l'arrivée de la Tour ennemie sur la colonne -d-.} ({Certaines combinaisons
méritaient vraiment le détour. Supposons :} 16. Bf4 Rd8 17. Bd2 ({ou pire} 17.
Nh3 f5 18. Qf3 Bb7 $1) 17... Rxd2 $3 {Le Pc4 deviendra bientôt irrésistible.}
18. Kxd2 Qd3+ 19. Ke1 (19. Kc1 Qxc3+ 20. Bc2 (20. Kb1 f5) 20... Qa1+ 21. Kd2
c3+ 22. Ke3 Qc1+) 19... Qxc3+ 20. Ke2 (20. Kf1 Qc1 {Préparant la marche du
pion passé.} 21. g3 ({Si} 21. Ke1 c3 22. Qd7 Bh6) ({Ou} 21. Qd7 c3+ 22. Ne2 Qb2
$1 {Menaçant 23...Bxe2 suivi de c2} 23. g3 c2 24. Bxc2 Qxc2 25. Kg2 Qe4+) 21...
c3+ 22. Kg2 Bf1+ $3 23. Kxf1 c2 24. Ke1 f5 25. Qf3 Bc3+ {Et tout est fini})
20... Qe5+ 21. Kd2 c3+ 22. Kc1 (22. Kc2 Qb8 $1) 22... Qd5 23. Qf4 (23. Nf3 Qxa2
) 23... Bh6 $3 24. Qxh6 Qxa2 {Le mat suit.}) 16... Rc8 17. Qf4 (17. Bf4 {
revenait а la note précédente}) ({et} 17. Qg3 {était contré par} e5 18. Ba5
Qxa2 {Coinçant le Fou.}) 17... Qb7 (17... Qb2 {pouvait être joué immédiatement,
}) ({mais il fallait éviter} 17... e5 18. Qd2 Rxc7 $2 19. Qd8+) 18. Ba5 Qb5 19.
Bc7 Qb2 20. Ne2 e5 21. Bxe5 fxe5 22. Qg4 Rf8 23. O-O f5 {Les Noirs ont gagné
un pion, disposent encore des deux Fous, leurs fantassins dominent le centre
et les pièces blanches ne jouent pas. La cause est entendue.} 24. Qg5 f4 25.
Qe7 Bb7 26. Qxc5 Qxa2 27. Nc1 Qa6 {Regroupant les troupes.} 28. Be2 Rc8 29. Qe7
Qc6 30. Bf3 (30. Bxc4+ {ne changeait rien après} Kh8) 30... e4 31. Bg4 Re8 32.
Qh4 Qf6 {Offrant une fin de partie où le Pa7 se révélera trop fort et celui de
c3 trop faible.} 33. Qxf6 Bxf6 34. Ne2 f3 35. Nd4 Bxd4 36. cxd4 Re7 37. Rc1 Bd5
{Le Bg4 est trop éloigné de l'action pour arrêter les pions passés a7 et c4.}
38. h3 Rg7 39. Kf1 Rb7 40. gxf3 exf3 41. Ke1 a5 {Le reste n'est qu'une longue
agonie.} 42. Kd2 a4 43. Ra1 Rb2+ 44. Ke3 Re2+ 45. Kf4 c3 46. Bd7 ({Ou} 46. Rxa4
c2 47. Ra1 Re4+ 48. Kg3 Rxd4 {etc.}) 46... Rxf2 47. Bxa4 Rg2 48. Bb5 f2 49. Rc1
c2 50. Bf1 Rg1 {Et les Blancs abandonnèrent.} ({Il aurait encore pu suivre :} 
50... Rg1 51. Ke3 Rxf1 $1 52. Rxf1 Bc4) 0-1

[Event "Interzonal-16"]
[Site "Biel"]
[Date "1993.??.??"]
[Round "1"]
[White "Ivanchuk, Vassily"]
[Black "Wolff, Patrick G"]
[Result "1/2-1/2"]
[WhiteElo "2705"]
[BlackElo "2585"]
[Annotator "Wolff,P"]
[PlyCount "144"]
[EventDate "1993.07.16"]
[EventType "swiss"]
[EventRounds "13"]
[EventCountry "SUI"]
[SourceTitle "CBM 037"]
[Source "ChessBase"]
[SourceDate "1993.12.01"]
[SourceVersion "1"]
[SourceVersionDate "1993.12.01"]
[SourceQuality "1"]

1. d4 d5 2. c4 dxc4 3. e4 Nc6 (3... c5) (3... Nf6) 4. Be3 Nf6 5. Nc3 e5 6. d5
Ne7 7. Bxc4 Ng6 8. f3 $5 (8. Bb5+ $5) (8. Nf3) 8... Bd6 9. Qd2 $1 Bd7 10. Nge2
a6 $1 (10... O-O 11. h4 $36) 11. Bb3 b5 (11... O-O $6 12. h4 $1 $36) 12. a4 O-O
13. O-O Qe7 14. Rac1 Nh5 (14... b4 $5 15. Nd1 $14 {/\ Nf2-d3} (15. Nb1 Rfc8))
15. g3 h6 16. Bc2 Rab8 (16... b4 $5) 17. axb5 axb5 18. Ra1 $14 Ra8 19. Bd3 (19.
Qd3 $5 Bh3 (19... Nhf4 $2 20. gxf4 exf4 21. Rxa8 (21. Bd4 $2 Bh3 $1 $19 {/\}
22. Kh1 (22. Rxa8 Qg5+ $19) 22... Qg5 23. Rg1 Rxa1) 21... Rxa8 22. Bd4 Bh3 23.
Rf2 $18 (23. Rd1 $2 Qg5+ 24. Kf2 Qh4+ 25. Kg1 Qg5+ $10)) 20. Rfd1 Nhf4 21. Qxb5
(21. gxf4 $2 exf4 22. Rxa8 Rxa8 23. Bc1 Ne5 24. Qxb5 Nxf3+ 25. Kh1 (25. Kf2
Qh4+ 26. Kxf3 Bg4+ 27. Kg2 f3+ 28. Kf1 Bh3+ 29. Kg1 f2+ 30. Kh1 Qg4 $19) 25...
Qg5 26. Ng3 Qg4 $17) 21... Rab8 $13) 19... Bb4 20. Rxa8 Rxa8 21. Qc2 $2 (21.
Kg2 $1 $14) 21... Bc5 $1 22. Nd1 Bd6 23. Nf2 Nhf4 $1 24. Rc1 (24. gxf4 exf4 25.
Bd2 Nh4 26. Nd1 (26. Kh1 Nxf3 27. Bxf4 (27. Nxf4 Qh4 $19) 27... Bxf4 28. Nxf4
Qh4 29. N2h3 Bxh3 30. Rxf3 Ra1+ $19) (26. Nh1 Bc5+ $17) (26. Ng4 Qg5 $40 (26...
h5 $5)) 26... Bh3 $36) 24... Qg5 $1 25. Kh1 (25. Kf1 Qh5 26. gxf4 Qxf3 $17)
25... Qh5 26. Ng1 Nxd3 27. Nxd3 f5 (27... Rf8 $5 {Ivanchuk,V /\} 28. Nc5 Bc8 {
/\ f5}) 28. Nc5 Bc8 29. Rf1 Ne7 30. Qd3 fxe4 $17 {><f3, g2, h3} 31. fxe4 Qg6 (
31... Kh7 $5 {/\} 32. Qxb5 Qg6 $40) 32. Kg2 Kh7 $1 33. Nf3 Ng8 34. Nh4 Qg4 (
34... Qh5 $5 {Ivanchuk,V}) 35. Nf5 Nf6 36. h3 Qg6 37. g4 Bxc5 (37... h5 $2 38.
Nh4 Qe8 39. g5) 38. Bxc5 Ra4 (38... h5 $5 39. Ng3 hxg4 40. h4 $17) 39. Rf3 (39.
b4 Ra2+ 40. Rf2 Bxf5 41. exf5 Rxf2+ 42. Kxf2 Qf7 $17) 39... Rc4 (39... Nxe4 $2
40. Ne7 Qg5 (40... Qe8 41. Nxc8 Qxc8 42. b4 Ra2+ 43. Bf2 $18) 41. Nxc8 $18 (41.
b3 Ra2+ 42. Bf2 Bxg4 $1 43. hxg4 Qxg4+ $44)) (39... Rxe4 $2 40. Ne7 Qe8 41.
Rxf6) 40. Be7 Bxf5 (40... Rxe4 $2 41. Bxf6 Bxf5 42. Rxf5 $18) (40... Nxe4 $5
41. b3 $8 (41. Nh4 Qe8 42. b3 Rd4) 41... Bxf5 42. bxc4 bxc4 $44) 41. Rxf5 Rd4
$1 42. Qe3 (42. Qxb5 Nxg4 43. hxg4 Qxg4+ 44. Kf2 (44. Kf1 Qxe4 $1 {/\ Rd1-d2})
44... Qxe4 $1 45. Rf3 Rd2+ 46. Kg3 Qg6+ 47. Kh4 Rh2+ 48. Rh3 Qe4+ 49. Kg3 Qf4#)
(42. Qf3 Nxe4 43. Rxe5 Rd2+ $19) 42... Rxe4 $6 (42... Nxg4 $1 43. hxg4 Qxg4+
44. Qg3 $8 (44. Kf2 Rd1 $1 $40) (44. Kh1 Rxe4 45. Qf3 Re1+ 46. Kh2 Re2+ 47. Kh1
Qc4 $17) (44. Kh2 Rxe4 45. Qf3 Re2+ {Q 44. Kh1}) 44... Qxe4+ 45. Rf3 $8 (45.
Qf3 Rd2+ 46. Kg1 Qb1+ 47. Qf1 Rd1 $19) 45... Rxd5 $17 (45... Rd3 46. Bf8 $5
Qe2+ $5 (46... g5 47. Qh3 Rd2+ (47... Qe2+ 48. Kg1 Rd1+ 49. Rf1 Rxf1+ 50. Qxf1
Qg4+ $10) 48. Kh1 $1 (48. Kg1 Qd4+ $1 (48... Rd1+ 49. Rf1 Rxf1+ 50. Qxf1 $10)
49. Re3 (49. Kf1 $4 Rd1+ $19) (49. Kh1 Rd1+ 50. Rf1 $8 Qxd5+ 51. Kh2 Qd2+ 52.
Kg1 $17) 49... Rd1+ 50. Kf2 (50. Kh2 Qf4+) (50. Kg2 Qd2+) 50... Qd2+ 51. Kf3 $8
e4+ $1 52. Kg4 $8 Rg1+ 53. Kf5 (53. Kh5 Qd1+) (53. Rg3 Qf4+) 53... Qxd5+ 54.
Kf6 Qc6+ $17) 48... Qe1+ (48... Qg6 $6 49. Qd7+ Kg8 50. Qe6+ Qxe6 51. dxe6) (
48... Rd1+ 49. Kg2 $10) 49. Rf1 (49. Qf1 Qxf1+ 50. Rxf1 Rxd5) 49... Qe4+ 50.
Rf3 $10) (46... Rd2+ $5 47. Kg1 (47. Kh1 $2 Qb1+) (47. Kh3 g5 $17 {/\ g4})
47... g5 $13) 47. Qf2 Qxf2+ 48. Rxf2 Kg8 49. Bb4 Rxd5 50. Bc3 $15)) 43. Qf3 Rf4
(43... Nxg4 $2 44. hxg4 Rxg4+ 45. Kh3 $1 Rg1 46. Rxe5) 44. Rxf4 exf4 45. Bxf6
Qxf6 $17 46. Qd3+ Qg6 47. Qe2 c6 $5 48. Kf3 cxd5 49. Kxf4 Qf6+ 50. Kg3 Qd6+ 51.
Kf3 b4 $2 {עh7, b4} (51... Qc6 $1 $17 {Ivanchuk,V}) 52. h4 $1 Qf6+ 53. Kg3
Qd6+ 54. Kf3 Qf6+ 55. Kg3 g6 56. Qe8 $1 $15 Qd6+ (56... Qxb2 57. Qf7+ $1 (57.
Qe7+ Qg7 58. Qxb4 Qd7 $17) 57... Qg7 58. Qxd5 $15 {עh7, b4}) 57. Kf3 Kg7 58.
g5 $1 hxg5 59. hxg5 d4 (59... Qf8+ $4 60. Qxf8+ Kxf8 61. Kf4 Ke7 62. Ke5 $18)
60. Qe4 $1 d3 61. Qb7+ Kf8 62. Qc8+ Ke7 63. Qb7+ Ke6 64. Qe4+ Kd7 65. Qb7+ Kd8
66. Qa8+ Kc7 67. Qa7+ Kc8 68. Qa8+ Kc7 69. Qa7+ Kc6 70. Qa6+ Kc5 71. Qxd6+ Kxd6
72. Ke3 Ke5 1/2-1/2